000 01663nam a2200277 i 4500
003 DO-SdBNP
005 20240624150831.0
007 ta
008 240624s2003 sp 000 j spa d
020 _a8408039687
040 _aDO-SdBNP
_bspa
_cBNPHU
_erda
082 _bG146
_222
100 _aGala, Antonio,
_d1936-
_917649
_eautor
245 1 3 _aLa casa sosegada /
_cAntonio Gala
264 1 _aBarcelona, España :
_bPlaneta,
_c2003.
300 _a312 páginas,
_c18 cm.
336 _2rdacontent
_atexto
_btxt
337 _2rdamedia
_asin mediación
_bn
338 _2rdacarrier
_avolumen
_bnc
490 1 _aBiblioteca Antonio Gala
490 1 _aBooket
_aDivulgación
_v5001
521 _a«Aquí podrá hacerse todo lo que se sienta de verdad; cuanto se desee decir de verdad podrá ser dicho. No hay precios, no hay ofensas: en consecuencia, todo es bueno. Dentro del hogar, al anochecer, habitamos en el ojo del huracán. Persisten alrededor la ambición, las tormentas, las corrupciones, los duros fantasmas del día y de la noche; pero aquí hemos obtenido la serenidad. Una serenidad empapada de vida, que es movimiento interior: no quietud, no pasividad. De ahí que sea imprescindible, antes o después de cenar, antes o después de ver un poco de televisión o de leer un libro, reflexionar un rato, dar un momento gracias, detenerse a cambiar impresiones, a renovar las fuerzas, a beber un largo sorbo de agua limpia. "Se ha hecho el silencio. Apenas percibimos las sonoras esquirlas de otras vidas. Por fin se hizo el silencio. Por fin está la casa sosegada."»
590 _aInventariado, 2024/ YL
910 _aYLockward
942 _2ddc
_cLBS1
999 _c56950
_d56950